Geography and economics (Record no. 75853)

MARC details
000 -LEADER
fixed length control field 00682nam a2200169 a 4500
008 - FIXED-LENGTH DATA ELEMENTS--GENERAL INFORMATION
fixed length control field 120416s1966 ||||||||||||||||| || u
050 ## - LIBRARY OF CONGRESS CALL NUMBER
Classification number HF 1025 Chi
100 ## - MAIN ENTRY--PERSONAL NAME
Personal name Chisholm, Michael
245 10 - TITLE STATEMENT
Title Geography and economics
260 ## - PUBLICATION, DISTRIBUTION, ETC.
Place of publication, distribution, etc. London
Name of publisher, distributor, etc. Bell
Date of publication, distribution, etc. 1966
300 ## - PHYSICAL DESCRIPTION
Extent ix, 230p. : ill.
350 ## -
-- 0.00
650 #0 - SUBJECT ADDED ENTRY--TOPICAL TERM
Topical term or geographic name entry element ECONOMIC GEOGRAPHY
650 #0 - SUBJECT ADDED ENTRY--TOPICAL TERM
Topical term or geographic name entry element ECONOMICS
995 ## -
-- ANNEX COLLECTION (Main Library)
-- 0.00
-- 062657
-- CBU-MAIN LIBRARY (Kitwe)
-- 2
-- 0.00
-- HF 1025 Chi
-- 2
-- AVAILABLE
-- 004055
-- Annex Low-Usage Collection
995 ## -
-- ANNEX COLLECTION (Main Library)
-- 0.00
-- 102420
-- CBU-MAIN LIBRARY (Kitwe)
-- 1
-- 0.00
-- HF 1025 Chi
-- 1
-- AVAILABLE
-- 004056
-- Annex Low-Usage Collection
999 ## -
-- 75853
-- 75853
Holdings
Withdrawn status Lost status Source of classification or shelving scheme Damaged status Not for loan Permanent Location Current Location Shelving location Date acquired Total Checkouts Full call number Barcode Date last seen Copy number Price effective from Koha item type
          CBU-MAIN LIBRARY, KITWE. CBU-MAIN LIBRARY, KITWE.   04/25/2023   HF 1025 Chi 004055 04/25/2023 1 04/25/2023 MONOGRAPH
          CBU-MAIN LIBRARY, KITWE. CBU-MAIN LIBRARY, KITWE.   04/25/2023   HF 1025 Chi 004056 04/25/2023 2 04/25/2023 MONOGRAPH